000 00859nam a22002057a 4500
008 160215b xxu||||| |||| 00| 0 eng d
082 _a720.103
_bC335j
100 _aMujica, Felipe
_94665
245 _aJugador como pelota, pelota como cancha: Torneos 1974-1992
_bMujica, Felipe
260 _aCiudad de Guatemala :
_bArchivo Histórico José Vial Armstrong Escuela de Arquitectura y Diseño PUCV
_bMuseo Experimental ELECO
_bNuMu Nuevo Museo de Arte Contemporáneo
_bTEOR/éTica arte + pensamiento
_c2015
300 _a117 p.
_bill.
_c25 cm.
500 _aTextos en inglés y en español
600 _aCasanueva, Manuel
_94666
650 _aArquitectura y Sociedad
_94667
650 _aArquitectura
_vEventos
_94668
650 _aArte Moderno
_9145
700 _aGazmuri, Eugenia
_94670
700 _aCasanueva, Olivia
_94671
700 _aHernández, Macarena
_94672
999 _c852
_d852